00440nam a2200133Ia 4500008004100000020001500041041000800056082001900064100001600083245013500099260003600234300001300270650002300283210716s2005 xx 000 0 und d a0060558288 aeng a261.70973 WALJ aWallis, Jim aGod's politics: why the right gets it wrong and the left doesn't get it.bwhy the right gets it wrong and the left doesn't get it. aU S AbHarperSanFranciscoc2005 axiii,384 aGeneral Management